|
|
|
|
| LEADER |
00000cam a22000004a 4500 |
| 001 |
musev2_49282 |
| 003 |
MdBmJHUP |
| 005 |
20230905045123.0 |
| 006 |
m o d |
| 007 |
cr||||||||nn|n |
| 008 |
130530s2014 mdu o 00 0 eng d |
| 010 |
|
|
|z 2013021126
|
| 020 |
|
|
|a 9781421412542
|
| 020 |
|
|
|z 9781421412528
|
| 020 |
|
|
|z 9781421412535
|
| 035 |
|
|
|a (OCoLC)965481518
|
| 040 |
|
|
|a MdBmJHUP
|c MdBmJHUP
|
| 100 |
1 |
|
|a Richeimer, Steven,
|e author.
|
| 245 |
1 |
0 |
|a Confronting Chronic Pain :
|b A Pain Doctor's Guide to Relief /
|c Steven H. Richeimer, M.D ; with Kathy Steligo.
|
| 264 |
|
1 |
|a Baltimore :
|b Johns Hopkins University Press,
|c 2014.
|
| 264 |
|
3 |
|a Baltimore, Md. :
|b Project MUSE,
|c 2016
|
| 264 |
|
4 |
|c ©2014.
|
| 300 |
|
|
|a 1 online resource (256 pages):
|b illustrations ;
|
| 336 |
|
|
|a text
|b txt
|2 rdacontent
|
| 337 |
|
|
|a computer
|b c
|2 rdamedia
|
| 338 |
|
|
|a online resource
|b cr
|2 rdacarrier
|
| 490 |
0 |
|
|a A Johns Hopkins Press health book
|
| 505 |
0 |
|
|a The science of pain -- Chronically painful conditions -- Pain medications and how they work -- Mind-over-pain therapies -- Body-over-pain therapies -- Complementary and alternative therapies -- Spirit over pain -- The family in pain -- The patient in control -- The future of pain management.
|
| 520 |
|
|
|a This comprehensive guide is designed to help everyone whose days are filled with chronic pain that takes a toll on the body and the mind. The authors include up-to-date information about pain medications, exercise and nutrition, injections and neurostimulators, and complementary therapies.
|
| 588 |
|
|
|a Description based on print version record.
|
| 650 |
|
7 |
|a Chronic pain.
|2 fast
|0 (OCoLC)fst00860118
|
| 650 |
|
7 |
|a Mind and body therapies.
|2 fast
|0 (OCoLC)fst01022007
|
| 650 |
|
7 |
|a Analgesia.
|2 fast
|0 (OCoLC)fst00808269
|
| 650 |
|
7 |
|a Pain.
|2 fast
|0 (OCoLC)fst01050382
|
| 650 |
|
6 |
|a Douleur.
|
| 650 |
|
6 |
|a Therapies corporelles.
|
| 650 |
|
6 |
|a Analgesie
|v Ouvrages de vulgarisation.
|
| 650 |
|
6 |
|a Douleur chronique
|v Ouvrages de vulgarisation.
|
| 650 |
|
2 |
|a Mind-Body Therapies
|
| 650 |
|
2 |
|a Pain
|
| 650 |
|
0 |
|a Pain.
|
| 650 |
|
0 |
|a Mind and body therapies.
|
| 650 |
|
0 |
|a Analgesia
|v Popular works.
|
| 650 |
|
0 |
|a Chronic pain
|v Popular works.
|
| 655 |
|
7 |
|a Popular works.
|2 fast
|0 (OCoLC)fst01423846
|
| 655 |
|
2 |
|a Popular Work
|
| 655 |
|
7 |
|a Electronic books.
|2 local
|
| 700 |
1 |
|
|a Steligo, Kathy.
|
| 710 |
2 |
|
|a Project Muse.
|e distributor
|
| 830 |
|
0 |
|a Book collections on Project MUSE.
|
| 856 |
4 |
0 |
|z Texto completo
|u https://projectmuse.uam.elogim.com/book/49282/
|
| 945 |
|
|
|a Project MUSE - Custom Collection
|